Les personnages de Spider-Man : Far From Home - #23 - Statistiques

Statistiques générales
  • Ce quiz a été pris 35 fois
  • Le résultat moyen est 4 sur 15
Statistiques - réponses
Réponse % Correct
Peter Parker / Spider-Man
97%
Nick Fury
73%
Quentin Beck / Mysterio
67%
Michelle Jones
33%
Ned Leeds
33%
Happy Hogan
30%
Flash Thompson
23%
Maria Hill
23%
May Parker
23%
Betty Brant
10%
Talos
7%
Dimitri Smerdiakov
3%
John Jonah Jameson
3%
Julius Dell
3%
Roger Harrington
3%
Aucun quiz correspondant
Distribution des résultats
% des personnes avec chaque résultat
Percentile par nombre de réponses
Votre historique - résultats
Vous n’avez pas pris ce quiz